Statistics for Countries with the Most Airports

Click here to take the quiz!

General Stats

  • This quiz has been taken 22 times
  • The average score is 18 of 20

Answer Stats

# of AirportsCountry% Correct
418Australia
100%
4,093Brazil
100%
1,467Canada
100%
507China
100%
464France
100%
539Germany
100%
673Indonesia
100%
1,218Russia
100%
460United Kingdom
100%
1,714Mexico
95%
13,513United States
95%
916Argentina
91%
481Chile
91%
836Colombia
91%
855Bolivia
82%
799Paraguay
77%
402South Africa
73%
444Venezuela
73%
432Ecuador
64%
561Papua New Guinea
32%

Score Distribution

Percentile by Number Answered

Percent of People with Each Score

Your Score History

You have not taken this quiz